Book Title by food Quiz Stats

 Plays Quiz not verified by Sporcle

Challenge
Share
Tweet
Embed
Score 0/25 Timer 05:00
0 Plays Today
% Correct
Orange
94.1%
Rye
94.1%
Chocolate
93%
Huckleberry
93%
Grapes
91.2%
Peach
90.4%
Breakfast
84.8%
Cider
84.6%
Cherry
81.6%
Raisin
79%
Salad
78.7%
Nut
75%
Mulberry
72.1%
% Correct
Fudge
72.1%
Kool-Aid
71%
Tea
71%
Tortilla
70.2%
Strawberry
62.5%
Dumpling
56.3%
Milk
52.9%
Water
52.6%
Lunch
50.9%
Cappuccino
39.7%
Porterhouse
36.8%
Sprout
20.5%

You're not logged in!

Compare scores with friends on all Sporcle quizzes.
OR
Log In

You Might Also Like...

Show Comments

Extras

Top Quizzes Today


Score Distribution

Your Account Isn't Verified!

In order to create a playlist on Sporcle, you need to verify the email address you used during registration. Go to your Sporcle Settings to finish the process.

Report this User

Report this user for behavior that violates our Community Guidelines.

Details: